Derechos humanos : (Registro nro. 5611)
[ vista simple ]
| 000 -LEADER | |
|---|---|
| fixed length control field | 01201cam a2200301 i 4500 |
| 001 - CONTROL NUMBER | |
| control field | 5611 |
| 005 - DATE AND TIME OF LATEST TRANSACTION | |
| control field | 20250630110528.0 |
| 008 - FIXED-LENGTH DATA ELEMENTS--GENERAL INFORMATION | |
| fixed length control field | 140415s2024 mx gr 000 0 spa d |
| 003 - CONTROL NUMBER IDENTIFIER | |
| control field | Mx-PuUPA |
| 041 0# - LANGUAGE CODE | |
| Language code of text/sound track or separate title | spa |
| 040 ## - CATALOGING SOURCE | |
| Original cataloging agency | Mx-PuUPA |
| Language of cataloging | spa |
| Transcribing agency | Mx-PuUPA |
| Modifying agency | Mx-PuUPA |
| Description conventions | rda |
| 245 00 - TITLE STATEMENT | |
| Title | Derechos humanos : |
| Remainder of title | perspectivas de juristas iusnaturalistas. |
| Number of part/section of a work | Tomo II. |
| Name of part/section of a work | Derechos individuales, civiles, sociales y globalización en la óptica de los derechos humanos / |
| Statement of responsibility, etc. | coordinador, Agustín A. Herrera Fragoso |
| 264 #1 - PRODUCTION, PUBLICATION, DISTRIBUTION, MANUFACTURE, AND COPYRIGHT NOTICE | |
| Place of production, publication, distribution, manufacture | Ciudad de México : |
| Name of producer, publisher, distributor, manufacturer | Tirant lo Blanch, |
| Date of production, publication, distribution, manufacture, or copyright notice | 2024 |
| 300 ## - PHYSICAL DESCRIPTION | |
| Extent | 516 páginas ;24 cm |
| 336 ## - CONTENT TYPE | |
| Fuente | rdacontent |
| Content type term | textob |
| Content type code | txt |
| 336 ## - CONTENT TYPE | |
| Fuente | rdamedia |
| Content type term | sin medio |
| Content type code | n |
| 336 ## - CONTENT TYPE | |
| Fuente | rdacarrier |
| Content type term | volumen |
| Content type code | nc |
| 500 ## - GENERAL NOTE | |
| General note | <<In memoriam "Eduardo Renato Vio Grossini">> |
| 650 #7 - SUBJECT ADDED ENTRY--TOPICAL TERM | |
| Source of heading or term | armarc |
| Topical term or geographic name entry element | Derechos humanos |
| 650 #7 - SUBJECT ADDED ENTRY--TOPICAL TERM | |
| Source of heading or term | armarc |
| Topical term or geographic name entry element | Derechos políticos y civiles |
| 650 #7 - SUBJECT ADDED ENTRY--TOPICAL TERM | |
| Source of heading or term | armarc |
| Topical term or geographic name entry element | Derechos humanos |
| General subdivision | Historia |
| 650 #7 - SUBJECT ADDED ENTRY--TOPICAL TERM | |
| Source of heading or term | armarc |
| Topical term or geographic name entry element | Derechos humanos |
| General subdivision | Filosofía |
| 700 1# - ADDED ENTRY--PERSONAL NAME | |
| Personal name | Herrera Fragoso, Agustín A., |
| Relator term | coordinador |
| 942 ## - ADDED ENTRY ELEMENTS (KOHA) | |
| Source of classification or shelving scheme | Dewey Decimal Classification |
| Koha item type | Libro |
| Classification part | 323 |
| Item part | D43 |
| Withdrawn status | Lost status | Source of classification or shelving scheme | Damaged status | Not for loan | Collection code | Home library | Current library | Shelving location | Date acquired | Source of acquisition | Total Checkouts | Full call number | Barcode | Date last seen | Price effective from | Koha item type |
|---|---|---|---|---|---|---|---|---|---|---|---|---|---|---|---|---|
| Dewey Decimal Classification | General | Biblioteca Karol Wojtyla | Biblioteca Karol Wojtyla | Sala general | 03/12/2013 | Compra | 323 D43 2024 | 62647 | 05/01/2026 | 03/12/2013 | Libro |